Škola ako druhý domov - vidiecky školský domov detí a mládeže

Bibliographic Details
Main Author: Matulčíková, Mária, 1956- (Author)
Format: Article
Language:Slovak
PhysicalDescription:Fotogr.
ISSN:1336-7161
Subjects:

MARC

LEADER 00000nab a2200000 ar4500
001 vtls008426510
003 SK-MaSNL
005 20260305012402.0
008 060125c2005 xo mr|p||| |000 b|slo
015 |a SNBRB2006/01 
038 |a SPK 
040 |a SPKCL  |b slo  |c AACR2  |e AACR2 
041 0 |a slo 
044 |a xo  |c SK 
080 |a 37.018.3  |x (430)  |2 UDC-MRF-SK2 
100 1 |a Matulčíková, Mária,  |d 1956-  |4 aut  |9 194642 
245 1 0 |a Škola ako druhý domov - vidiecky školský domov detí a mládeže  |c Mária Matulčíková 
300 |b Fotogr. 
650 0 7 |a internátna škola  |2 spk  |9 1305061 
650 0 7 |a alternatívne školy  |2 spk  |9 68008 
650 0 7 |a vidiek  |2 spk  |9 3814 
650 0 7 |a inovácia vo vzdelávaní  |2 spk  |9 353799 
650 0 7 |a spolužitie  |2 snkbucl  |9 672338 
650 0 7 |a voľný čas  |2 spk  |9 3355 
651 7 |a Nemecko  |2 spk  |9 21020 
773 0 |t Pán učiteľ : časopis pre učiteľov, rodičov a žiakov  |g Roč. 1, č. 3 (2005), s. 22  |x 1336-7161 
852 |a SPK  |b KIS3GCP 
999 |c 3257253  |d 3259183